Nachbarländer der Nachbarländer Deutschlands - Statistiken

Allgemein
  • Dieses Quiz wurde 456 mal gespielt
    414 seit der letzten Aktualisierung
  • Das Durchschnittsergebnis liegt bei 11 aus 15
Antwortstatistiken
Hint Antwort % Korrekt
Spanien
96%
Italien
95%
Slowenien
92%
Slowakei
90%
Ungarn
90%
Russland
86%
Andorra
83%
Liechtenstein
83%
Litauen
81%
Belarus
80%
Ukraine
80%
Monaco
72%
Brasilien
34%
Suriname
29%
Hans-Insel Kanada
23%
Keine übereinstimmenden Quizze gefunden
Verteilung der Resultate
Anzahl Personen mit jedem Resultat
Perzentil nach korrekt beantworteten Fragen
Ihre Resultats-Entwicklung
Sie haben dieses Quiz seit der letzten Aktualisierung nicht gespielt